01582nam a2200349Ia 450000500170000000800410001702000180005802000150007608200140009110000290010524500420013425000380017630000250021449000320023950000420027150501190031365000180043265000290045065000290047965000280050894200120053626400270054833600270057533700330060233800280063504000350066399900150069895201300071395201330084395201280097695201280110420220317001401.0161108s2012 sp g 000 0 spa  a9789584232038 a958423203704a170bS18e1 aSavater, Fernandod1947-1 aÉtica para AmadorcFernando Savater a1a. edición b6a. reimpresión a147 páginasc23 cm aBiblioteca Fernando Savater aIncluye datos biográficos del autor aDe qué va la ética -- Haz lo que quieras -- Aparece Pepito Grillo -- Ponte en su lugar -- Elecciones generales142LEMBaÉtica142LEMBaConciencia (Moral)142LEMBaConducta (Ética)142LEMBaEducación moral 2ddccBK aBarcelonabArielc2012 atextobtxt2rdacontent asin mediaciónbn2rdamedia avolumenbnc2rdacarrier aCO-BoRNBPbspaerdacCO-BoRNBP c6805d6805 00102ddc40708GENaMEGUAMALbMEGUAMALcGENd2023-03-08l0o170 S18e1pGUA002021r2023-03-08 00:00:00tEj.1w2023-03-08yBK 00102ddc40708GENaMECASARIbMECASARIcREFd2024-11-09l0o170-S18e Ej.1pBM00304r2024-11-09 18:58:06tEj.1w2024-11-09yBK 00102ddc40708GENaMERESTREbMERESTREcGENd2025-06-12l0o170 S18epRES00132r2025-06-12 15:41:39tEj.1w2025-06-12yBK 00102ddc40708GENaMELAJULIbMELAJULIcGENd2025-10-28l0o170 S18epJUL00138r2025-10-28 20:41:23tEj.1w2025-10-28yBK